• 首页
  • 本馆介绍
  • 公告通知
  • 最新文献
  • 馆藏检索
  • 电子资源
  • 读者导购
  • 参考咨询
  • 我的图书馆
  • 登录
  • 详细信息显示
  • 放入我的书架
  • 预约/预借图书
  • 作者相关作品
  • 分类相关作品
  • 丛书相关作品
  • 出版社相关作品

书目信息

  • 表格格式
  • 工作单格式
  • 卡片格式
题名:
旅游市场营销管理
    
 
作者: 马勇 主编
分册:  
出版信息: 大连   东北财经大学出版社  1999.02
页数: 226页
开本: 20cm
丛书名:
单 册:
中图分类: F590.8
科图分类:
主题词: 旅游市场--市场营销学
电子资源:
ISBN: 7-81044-479-4
000 00608nam0 2200205 45
001 0112180913
005 20031219104051.9
010    @a7-81044-479-4@dCNY11.00
100    @a20011218d1999 km y0chiy0120 ea
101 0  @achi
105    @a z 000yy
200 1  @a旅游市场营销管理@ALu You Shi Chang Ying Xiao Guan Li@f马勇主编@FMa Yong Zhu Bian
210    @a大连@c东北财经大学出版社@d1999.02
215    @a226页@d20cm
300    @a高等专科旅游管理专业系列教材
606 0  @a旅游市场@x市场营销学
690    @aF590.8@v4
701    @a马勇@4主编
801    @aCN@bTSTC@c20011218
905    @f5@b301585-589@dF590.8@e13
    
    旅游市场营销管理/马勇主编.-大连:东北财经大学出版社,1999.02
    226页;20cm
    高等专科旅游管理专业系列教材
    
    ISBN 7-81044-479-4:CNY11.00
    
●
相关链接 在E读中查询图书 在五车中查询图书 在当当中查询图书 在豆瓣中查询图书


正题名:旅游市场营销管理     索取号:F590.8/13         预约/预借

序号 登录号 条形码 馆藏地/架位号 状态 备注
1 0301585   203015851   第一借阅区/ [索取号:F590.8/13] 在馆    
2 0301586   203015860   第一借阅区/ [索取号:F590.8/13] 在馆    
3 0301587   203015879   第一借阅区/ [索取号:F590.8/13] 在馆    
4 0301588   203015888   第一借阅区/ [索取号:F590.8/13] 在馆    
5 0301589   203015897   第一样本阅览室/ [索取号:F590.8/13] 在馆    
唐山师范学院图书馆 欢迎您!
大连网信软件有限公司© 版权所有